Lineare Integraloperatoren /

Guardado en:
Autor Principal: Jörgens, Konrad, 1926-1974.
Formato: Libro
Idioma:German
Publicado: Stuttgart : B.G. Teubner, 1970.
Series:Mathematische Leitfäden
Materias:
Etiquetas: Agregar Etiqueta
Sin Etiquetas, Sea el primero en etiquetar este registro!
LEADER 00665nam a22002051a 4500
001 MAT.inmabb005893
008 840713s1970####gw#######b####000#0#ger##
005 20130320111733.0
245 1 0 |a Lineare Integraloperatoren /  |c Mit 6 Figuren, 222 Aufgaben und zahlreichen Beispielen. 
260 |a Stuttgart :  |b B.G. Teubner,  |c 1970. 
300 |a 224 p. ;  |c 23 cm. 
440 0 |a Mathematische Leitfäden 
504 |a Bibliografía: p. 217. 
510 4 |a MR,  |c 57 #1036 
100 1 |a Jörgens, Konrad,  |d 1926-1974. 
650 0 |a Integral operators. 
084 |a 45-02 (47-02)  |2 msc2000 
010 |a  70546925  
040 |a DLC/ICU  |c ICU  |d DLC 
859 |h 45  |i J82  |p A-4563  |b BIB. MATEMATICA